| 000 | 00379nam a2200169Ia 4500 | ||
|---|---|---|---|
| 100 | _aThipse/S.S | ||
| 650 | _aThermal | ||
| 942 | _cBK | ||
| 366 | _f10 | ||
| 654 | _athermal engineering | ||
| 245 | _aText book of Applied Thermal Engineering | ||
| 260 |
_bVipul prakashan _aMumbai _c2004 |
||
| 082 |
_a621.402/THI _bTHI |
||
| 300 | _a381 | ||
| 546 | _aENGLISH | ||
| 999 |
_c19763 _d19763 |
||